01202nab a22002297a 4500003000400000005001700004008004100021040000700062100002600069245012300095260007300218300001300291500004500304505027500349505008900624650001500713650002700728650002800755650002300783650002700806773013900833OSt20260213131328.0190604e xxu||||| |||| 00| 0 spa d cPJ aBertozzi, Pablo A. E.10aCrónica de una norma incómoda : bel precio de litigar bajo el régimen de la ley 27.423 /cPablo A. E. Bertozzi. aCiudad Autónoma de Buenos Aires :bThomson Reuters La Ley, c2025. ap. 17-25 aCita Online: TR LALEY AR/DOC/1758/2025.  aSumario: I. Introducción.— II. Una ley vigente que no se aplica.— III. La excepción: un juez con argumentos.— IV. El cerrojo de la queja: el alto costo de litigar hasta la Corte Suprema.— V. Conclusión: una encrucijada que no es técnica, sino política. t¿Te interesa el texto completo? Solicitalo al correo: koha@justierradelfuego.gov.ar 0aHONORARIOS 0aHONORARIOS DEL ABOGADO 0aINTELIGENCIA ARTIFICIAL 0aCONSTITUCIONALIDAD 0aRECURSO EXTRAORDINARIO0 02714dCiudad Autónoma de Buenos Aires : Thomson Reuters La Ley, 2014-tRevista anales de legislación argentina. Nº 1- Enero 2026.